<?xml version="1.0" encoding="UTF-8"?>
<record
    xmlns:xsi="http://www.w3.org/2001/XMLSchema-instance"
    xsi:schemaLocation="http://www.loc.gov/MARC21/slim http://www.loc.gov/standards/marcxml/schema/MARC21slim.xsd"
    xmlns="http://www.loc.gov/MARC21/slim">

  <leader>01056nam a22002777a 4500</leader>
  <controlfield tag="003">dpl</controlfield>
  <controlfield tag="005">20180705165528.0</controlfield>
  <controlfield tag="008">180702b        xxu||||| |||| 00| 0 eng d</controlfield>
  <datafield tag="010" ind1=" " ind2=" ">
    <subfield code="a">B-053679</subfield>
  </datafield>
  <datafield tag="020" ind1=" " ind2=" ">
    <subfield code="c">30.00</subfield>
    <subfield code="a">817604203X</subfield>
  </datafield>
  <datafield tag="035" ind1=" " ind2=" ">
    <subfield code="a">B-053679</subfield>
  </datafield>
  <datafield tag="037" ind1=" " ind2=" ">
    <subfield code="b">BPPD/PUB</subfield>
  </datafield>
  <datafield tag="040" ind1=" " ind2=" ">
    <subfield code="a">DPL</subfield>
    <subfield code="b">HN</subfield>
    <subfield code="c">0</subfield>
  </datafield>
  <datafield tag="082" ind1=" " ind2=" ">
    <subfield code="a">&#x909; </subfield>
    <subfield code="b">&#x938;&#x930;&#x935;&#x93E;</subfield>
  </datafield>
  <datafield tag="100" ind1=" " ind2=" ">
    <subfield code="a">&#x92E;&#x93E;&#x907;&#x917;&#x947;&#x932; &#x926; &#x938;&#x930;&#x935;&#x93E;&#x902;&#x924;&#x947;</subfield>
  </datafield>
  <datafield tag="245" ind1=" " ind2=" ">
    <subfield code="a">&#x924;&#x940;&#x938;&#x92E;&#x93E;&#x930; &#x916;&#x93E;&#x902; /</subfield>
    <subfield code="c">&#x92E;&#x93E;&#x907;&#x917;&#x947;&#x932; &#x926; &#x938;&#x930;&#x935;&#x93E;&#x902;&#x924;&#x947; </subfield>
  </datafield>
  <datafield tag="246" ind1=" " ind2=" ">
    <subfield code="a">Teesmar khan /</subfield>
    <subfield code="b">by Migel de Sirvante</subfield>
  </datafield>
  <datafield tag="260" ind1=" " ind2=" ">
    <subfield code="a">&#x926;&#x93F;&#x932;&#x94D;&#x932;&#x940; </subfield>
    <subfield code="b">&#x930;&#x93E;&#x91C;&#x93E; &#x92A;&#x949;&#x915;&#x947;&#x91F; &#x92C;&#x941;&#x915;&#x94D;&#x938;</subfield>
    <subfield code="c">2001</subfield>
  </datafield>
  <datafield tag="270" ind1=" " ind2=" ">
    <subfield code="b">&#x926;&#x93F;&#x932;&#x94D;&#x932;&#x940; </subfield>
    <subfield code="a">330/1, &#x92E;&#x947;&#x928; &#x930;&#x94B;&#x921;, &#x92C;&#x941;&#x930;&#x93E;&#x921;&#x93C;&#x940;,</subfield>
    <subfield code="e">110084</subfield>
  </datafield>
  <datafield tag="300" ind1=" " ind2=" ">
    <subfield code="a">63&#x92A;&#x943;. :</subfield>
    <subfield code="c">22&#x938;&#x947;&#x92E;&#x940; (&#x938;&#x91C;&#x93F;&#x932;&#x94D;&#x926;)</subfield>
  </datafield>
  <datafield tag="650" ind1=" " ind2=" ">
    <subfield code="a">&#x938;&#x93E;&#x939;&#x93F;&#x924;&#x94D;&#x92F; -- &#x909;&#x92A;&#x928;&#x94D;&#x92F;&#x93E;&#x938; </subfield>
    <subfield code="9">93279</subfield>
  </datafield>
  <datafield tag="650" ind1=" " ind2=" ">
    <subfield code="a">&#x905;&#x902;&#x917;&#x94D;&#x930;&#x947;&#x91C;&#x940; &#x909;&#x92A;&#x928;&#x94D;&#x92F;&#x93E;&#x938; </subfield>
    <subfield code="9">93280</subfield>
  </datafield>
  <datafield tag="650" ind1=" " ind2=" ">
    <subfield code="a">Literature -- Fiction</subfield>
    <subfield code="9">93281</subfield>
  </datafield>
  <datafield tag="650" ind1=" " ind2=" ">
    <subfield code="a">English novel</subfield>
    <subfield code="9">14422</subfield>
  </datafield>
  <datafield tag="942" ind1=" " ind2=" ">
    <subfield code="2">ddc</subfield>
    <subfield code="c">HN</subfield>
    <subfield code="h">&#x909; </subfield>
    <subfield code="m">&#x938;&#x930;&#x935;&#x93E;</subfield>
  </datafield>
  <datafield tag="999" ind1=" " ind2=" ">
    <subfield code="c">153466</subfield>
    <subfield code="d">153466</subfield>
  </datafield>
  <datafield tag="952" ind1=" " ind2=" ">
    <subfield code="0">0</subfield>
    <subfield code="1">0</subfield>
    <subfield code="2">ddc</subfield>
    <subfield code="4">0</subfield>
    <subfield code="7">0</subfield>
    <subfield code="8">FIC</subfield>
    <subfield code="a">BL4</subfield>
    <subfield code="b">BL4</subfield>
    <subfield code="d">2018-07-05</subfield>
    <subfield code="e">BPPD/PUB</subfield>
    <subfield code="g">30.00</subfield>
    <subfield code="l">0</subfield>
    <subfield code="o">&#x909;  &#x938;&#x930;&#x935;&#x93E;</subfield>
    <subfield code="p">B-053679</subfield>
    <subfield code="r">2018-07-05 00:00:00</subfield>
    <subfield code="v">30.00</subfield>
    <subfield code="w">2018-07-05</subfield>
    <subfield code="y">HN</subfield>
  </datafield>
</record>
